| 000 | 00861cab a22002175a 4500 | ||
|---|---|---|---|
| 001 | L154451 | ||
| 008 | 111206e20111021xxk 000 0 eng d | ||
| 035 | _a(Sirsi) u154451 | ||
| 041 | 0 | _aeng | |
| 100 | 1 | _aSandland, Ian | |
| 245 | 0 | 0 | _aHow to cost a stadium |
| 260 | _c2011 | ||
| 490 |
_aNew Civil Engineer _v1 December 2011, 32-33(2) |
||
| 520 | _aCost analysis: sports stadiums; discusses the complexity of the modern sports stadium and how each can vary greatly in cost; looks at crowd capacity, tiered seating, field of play, secondary revenue generation, media, design, environmental control, ground condition and topography, sustainability. | ||
| 590 | _aKA | ||
| 651 | 4 | _aInternational | |
| 690 |
_aProject management _96261 |
||
| 690 | _aBUILT ENVIRONMENT-CONSTRUCTION MANAGEMENT | ||
| 690 | _aBUILT ENVIRONMENT-BUILDING COSTS | ||
| 942 | _n0 | ||
| 999 |
_c83624 _d83624 |
||